000 00534nam a2200193Ia 4500
005 20250508165706.0
008 008 250505s9999 xx 000 0 eng d
037 _aTextual
040 _aFEDL
_beng
_cFEDL
041 _aeng
_2eng
084 _a575, ATT
_qFEDL
100 _aAttenborough David
_9596569
245 0 _aDiscovering life on earth
260 _aLondon, UK
_bWilliam Collins Son and Company Ltd.
_c1982
300 _a222p.
365 _aGBP
_b4.95
942 _cTEXL
_h575, ATT
999 _c1396785
_d1396785